Statistiques concernant Plus grandes villes belges par provinces

Cliquez ici pour prendre le quiz!

Statistiques générales

  • Ce quiz a été pris 128 fois
  • Le résultat moyen est 25 sur 55

Statistiques - réponses

Réponse% Correct
Anvers525,935Anvers
97%
Bruxelles-Capitale181,726Ville de Bruxelles
96%
Liège197,327Liège
94%
Namur110,779Namur
92%
Hainaut202,267Charleroi
89%
Flandre-Occidentale118,325Bruges
87%
Flandre-Orientale262,219Gand
87%
Hainaut95,613Mons
78%
Luxembourg29,858Arlon
76%
Brabant flamand101,624Louvain
74%
Flandre-Occidentale71,494Ostende
74%
Hainaut69,370Tournai
70%
Bruxelles-Capitale119,714Anderlecht
68%
Limbourg78,296Hasselt
67%
Flandre-Occidentale76,735Courtrai
66%
Anvers86,616Malines
63%
Brabant wallon34,396Wavre
63%
Limbourg66,227Genk
62%
Bruxelles-Capitale97,462Molenbeek-Saint-Jean
62%
Hainaut80,757La Louvière
61%
Bruxelles-Capitale133,309Schaerbeek
61%
Luxembourg15,985Bastogne
56%
Hainaut58,474Mouscron
53%
Liège55,207Verviers
52%
Brabant wallon31,443Ottignies-Louvain-la-Neuve
51%
Bruxelles-Capitale86,876Ixelles
47%
Liège64,259Seraing
44%
Brabant wallon28,734Nivelles
41%
Flandre-Orientale77,679Saint-Nicolas
41%
Flandre-Orientale86,445Alost
38%
Brabant wallon30,328Waterloo
38%
Limbourg40,590Saint-Trond
37%
Luxembourg17,465Marche-en-Famenne
29%
Flandre-Occidentale62,954Roulers
29%
Flandre-Orientale48,668Beveren
27%
Flandre-Occidentale38,266Waregem
26%
Brabant flamand39,540Hal
24%
Anvers44,664Turnhout
23%
Brabant flamand44,727Vilvorde
20%
Namur27,391Andenne
19%
Brabant wallon40,008Braine-l'Alleud
19%
Namur26,014Gembloux
19%
Liège39,989Herstal
19%
Luxembourg11,395Durbuy
17%
Flandre-Orientale45,769Termonde
17%
Anvers40,353Geel
14%
Liège28,373Ans
11%
Limbourg38,516Maasmechelen
11%
Brabant flamand42,847Dilbeek
10%
Namur28,288Sambreville
10%
Limbourg46,346Beringen
8%
Brabant flamand37,542Grimbergen
8%
Luxembourg17,093Aubange
6%
Namur19,190Jemeppe-sur-Sambre
6%
Anvers42,681Heist-op-den-Berg
2%

Distribution des résultats

Percentile par nombre de réponses

% des personnes avec chaque résultat

Votre développement - résultats

Vous n’avez pas pris ce quiz